000 00925nac a22002897a 4500
001 BR0100323
003 BR-BrBNA
005 20240105122503.0
008 230509b bl.|||m| |||| 00| 0 por d
040 _aBR-BrBNA
_bpor
_cBiblioteca Nacional de Agricultura
072 _aF01
090 _a0150 BR0100323
100 1 _aMoura Neto, F.P. de
100 1 _aCastro, E. de M. de
100 1 _aVieira, N.R. de A.
110 1 _aEMBRAPA Arroz e Feijao, Goiania, GO (Brasil)
_93568
245 1 _aDeterminacao do ponto ideal para colheita de cultivares comerciais de arroz de terras altas
260 3 _aGoiania, GO (Brasil):
_c1998.
300 _a2 p.
490 _aPesquisa em Foco - EMBRAPA Arroz e Feijao (Brazil)
_vno. 16
_xISSN 1415-2304
650 _aArroz
650 _aColheita
650 _aProducao Vegetal
650 _aVariedade
909 _a202312
_bLúcia Elande
_c55
_dLúcia Elande
942 _2AGRIS
_n0
_cMS
999 _c291286
_d291286